000 01448nam a22003857a 4500
003 CHAP
005 20220329134454.0
008 971013s1986 r 00010 d
010 _a20852
011 _a21824
035 _a25915
040 _cCHAP
090 _aTesis
100 0 0 _aCervantes Sánchez, Martha Alicia.
_921624
245 _aVariación morfológica en semillas, efecto de la temperatura en la germinación y crecimiento de plántulas de 53 familias de 6 procedencias de Pinus tecunumanii Eguiluz et Perry
260 _aChapingo, Méx. :
_bEl autor,
_c1986
300 _a125 h.
_b: ilus.
502 _aTesis (M.C. Esp. en Botánica) -- CP. Centro de Botánica
590 _aALEPH
_b10
_c20130110
_lUCH01
_h1244
590 _aBATCH-UPD
_b10
_c20130110
_lUCH01
_h0010
590 _aBATCH-UPD
_b10
_c20130110
_lUCH01
_h2013
590 _aBATCH-UPD
_b10
_c20130409
_lUCH01
_h1946
590 _aBATCH-UPD
_b10
_c20130410
_lUCH01
_h1332
590 _aBATCH-UPD
_b10
_c20130914
_lUCH01
_h1913
590 _aCONVERSION
_b10
_c20130109
_lUCH01
_h1312
650 1 4 _aPináceas
_xGerminación.
_988238
650 1 4 _aPináceas
_xPlántulas.
_988258
650 1 4 _aPinus tecunumanii.
_988369
650 1 4 _aSemillas
_xFisiología y morfología.
_9103902
650 1 4 _aTemperatura
_xEfecto en plantas.
_9112219
901 _aBK
942 _cFOLL
949 _bBC
_cTES
_d-59927
_eTS1
_h18945
_i25915
_si
949 _bBC
_cTES
_d-59928
_eTS2
_fc.2
_h18946
_i25915
_si
999 _c20852
_d20852